000 00463nam a2200181Ia 4500
001 929
005 20260306140554.0
008 260306t2019||||xx |||||||||||||| ||spa||
041 _aESP
082 _a174.4
_bD73
100 _aDicasterio para el Servicio del Desarrollo Humano Integral
_eAUT
245 0 _aLa vocación del lider empresarial
260 _c2019
300 _a79 páginas :
_c21 cm.
650 _aGEN
654 _aCHU
942 _cLIB
_dJUS
_fJUS
_2ddc
_n
999 _c929
_d929